| 000 | 00544cam a22001452 b4500 | ||
|---|---|---|---|
| 020 | _a9780199298815 | ||
| 020 |
_a0199298815 (Perfect) _cUSD 85.00 Retail Price (Publisher) |
||
| 050 | 4 | _aQD461 | |
| 100 | 1 | _aBrown, I. David | |
| 245 | 1 | 4 |
_aThe Chemical Bond in Inorganic Chemistry _h[electronic resource]: _bThe Bond Valence Model |
| 260 |
_aNew York : _bOxford University Press, Incorporated _cJuly 2006 |
||
| 650 | _bInorganic compounds , Chemistry, Inorganic | ||
| 856 | 4 | 0 | _uhttp://www.columbia.edu/cgi-bin/cul/resolve?clio8182560 |
| 942 | _cGEN | ||
| 999 |
_c1991 _d1991 |
||